000 01077nam a2200241 i 4500
001 000014120
003 DO-SdBNP
005 20260321073646.0
007 ta
008 091204s192309 dr 000 f spa deng d
040 _aDO-SdBNP
_bspa
_cBNPHU
_erda
082 4 _bI438
_222
100 1 _a Bosch, Juan,
_d1909-2001
_eautor
_976555
245 _aInforme presentado por el Señor José Manuel Govin, a la Secretaria de Agricultura, Comercio y Trabajo de la República de Cuba, en su calidad de delegado general de inmigración en Europa y América recopilado de las ediciones de "El Mundo" de la Habana, de los dias dos y tres de abril de 1923 por el profesor Amiama Gómez delegado de las Camaras de Comercio de la República Dominicana /
_cAmiama Gómez
264 _aLa Habana, Cuba :
_bImprenta A.Terradas,
_cfecha no identificada
300 _apagina no identificada ;
_c24 cm.
336 _2rdacontent
_atexto
_btxt
337 _2rdamedia
_asin mediación
_bn
338 _2rdacarrier
_avolumen
_bnc
590 _aInventariado, 2024 / DG
910 _aDG
942 _2ddc
_cLF2
999 _c55680
_d55680